<?xml version="1.0" encoding="UTF-8"?>
<record
    xmlns:xsi="http://www.w3.org/2001/XMLSchema-instance"
    xsi:schemaLocation="http://www.loc.gov/MARC21/slim http://www.loc.gov/standards/marcxml/schema/MARC21slim.xsd"
    xmlns="http://www.loc.gov/MARC21/slim">

  <leader>00722nam a22001577a 4500</leader>
  <controlfield tag="003">OSt</controlfield>
  <controlfield tag="005">20150915143527.0</controlfield>
  <controlfield tag="008">150915b        xxu||||| |||| 00| 0 eng d</controlfield>
  <datafield tag="040" ind1=" " ind2=" ">
    <subfield code="c">RUA </subfield>
  </datafield>
  <datafield tag="082" ind1=" " ind2=" ">
    <subfield code="a">AGR LY 2002 B028 Or.1</subfield>
  </datafield>
  <datafield tag="100" ind1=" " ind2=" ">
    <subfield code="9">519</subfield>
    <subfield code="a">LY, YOUVENEAT.</subfield>
  </datafield>
  <datafield tag="245" ind1=" " ind2=" ">
    <subfield code="a">Effects of flooded-drained acid rice soil on phosphorus availablity and maize growth &#x17A5;&#x1791;&#x17D2;&#x1792;&#x17B7;&#x1796;&#x179B;&#x1793;&#x17C3;&#x1780;&#x17B6;&#x179A;&#x1796;&#x1793;&#x17D2;&#x179B;&#x17B7;&#x1785;&#x1791;&#x17B9;&#x1780;-&#x179F;&#x17C6;&#x1784;&#x17BD;&#x178F;&#x178A;&#x17B8;&#x17A2;&#x17B6;&#x179F;&#x17CA;&#x17B8;&#x178F;&#x178A;&#x17B6;&#x17C6;&#x179F;&#x17D2;&#x179A;&#x17BC;&#x179C; &#x1791;&#x17C5;&#x179B;&#x17BE;&#x1797;&#x17B6;&#x1796;&#x179F;&#x17C1;&#x179A;&#x17B8;&#x179A;&#x1794;&#x179F;&#x17CB;&#x1795;&#x17BC;&#x179F;&#x17D2;&#x179C;&#x17D0;&#x179A; &#x1793;&#x17B7;&#x1784;&#x1780;&#x17B6;&#x179A;&#x178A;&#x17BB;&#x17C7;&#x179B;&#x17BC;&#x178F;&#x179B;&#x17B6;&#x179F;&#x17CB;&#x179A;&#x1794;&#x179F;&#x17CB;&#x178A;&#x17C6;&#x178E;&#x17B6;&#x17C6;&#x1796;&#x17C4;&#x178F;</subfield>
  </datafield>
  <datafield tag="260" ind1=" " ind2=" ">
    <subfield code="a">Phnom Penh</subfield>
    <subfield code="b">RUA</subfield>
    <subfield code="c">2002</subfield>
  </datafield>
  <datafield tag="300" ind1=" " ind2=" ">
    <subfield code="a">68p.</subfield>
    <subfield code="b">ill.</subfield>
    <subfield code="c">29cm.</subfield>
  </datafield>
  <datafield tag="942" ind1=" " ind2=" ">
    <subfield code="2">ddc</subfield>
    <subfield code="c">AGR</subfield>
  </datafield>
  <datafield tag="999" ind1=" " ind2=" ">
    <subfield code="c">501</subfield>
    <subfield code="d">501</subfield>
  </datafield>
  <datafield tag="952" ind1=" " ind2=" ">
    <subfield code="0">0</subfield>
    <subfield code="1">0</subfield>
    <subfield code="2">ddc</subfield>
    <subfield code="4">0</subfield>
    <subfield code="6">AGR_LY_2002_000000000000000_B028_OR_1</subfield>
    <subfield code="7">0</subfield>
    <subfield code="9">2398</subfield>
    <subfield code="a">LBB</subfield>
    <subfield code="b">LBB</subfield>
    <subfield code="c">B028</subfield>
    <subfield code="d">2015-09-15</subfield>
    <subfield code="l">1</subfield>
    <subfield code="o">AGR LY 2002 B028 Or.1</subfield>
    <subfield code="p">RUA002638</subfield>
    <subfield code="r">2016-07-20</subfield>
    <subfield code="s">2016-07-02</subfield>
    <subfield code="w">2015-09-15</subfield>
    <subfield code="y">AGR</subfield>
  </datafield>
  <datafield tag="952" ind1=" " ind2=" ">
    <subfield code="0">0</subfield>
    <subfield code="1">0</subfield>
    <subfield code="2">ddc</subfield>
    <subfield code="4">0</subfield>
    <subfield code="6">AGR_LY_2002_000000000000000_B028_OR_2</subfield>
    <subfield code="7">0</subfield>
    <subfield code="9">2399</subfield>
    <subfield code="a">LBB</subfield>
    <subfield code="b">LBB</subfield>
    <subfield code="c">B028</subfield>
    <subfield code="d">2015-09-15</subfield>
    <subfield code="o">AGR LY 2002 B028 Or.2</subfield>
    <subfield code="p">RUA002566</subfield>
    <subfield code="r">2015-09-15</subfield>
    <subfield code="w">2015-09-15</subfield>
    <subfield code="y">AGR</subfield>
  </datafield>
  <datafield tag="952" ind1=" " ind2=" ">
    <subfield code="0">0</subfield>
    <subfield code="1">0</subfield>
    <subfield code="2">ddc</subfield>
    <subfield code="4">0</subfield>
    <subfield code="6">AGR_LY_2002_000000000000000_B028_OR_3</subfield>
    <subfield code="7">0</subfield>
    <subfield code="9">2400</subfield>
    <subfield code="a">LBB</subfield>
    <subfield code="b">LBB</subfield>
    <subfield code="c">B028</subfield>
    <subfield code="d">2015-09-15</subfield>
    <subfield code="l">1</subfield>
    <subfield code="o">AGR LY 2002 B028 Or.3</subfield>
    <subfield code="p">RUA002711</subfield>
    <subfield code="r">2022-04-06</subfield>
    <subfield code="s">2022-03-30</subfield>
    <subfield code="w">2015-09-15</subfield>
    <subfield code="y">AGR</subfield>
  </datafield>
  <datafield tag="952" ind1=" " ind2=" ">
    <subfield code="0">0</subfield>
    <subfield code="1">0</subfield>
    <subfield code="2">ddc</subfield>
    <subfield code="4">0</subfield>
    <subfield code="6">AGR_LY_2002_000000000000000_B028_OR_4</subfield>
    <subfield code="7">0</subfield>
    <subfield code="9">2401</subfield>
    <subfield code="a">LBB</subfield>
    <subfield code="b">LBB</subfield>
    <subfield code="c">B028</subfield>
    <subfield code="d">2015-09-15</subfield>
    <subfield code="l">1</subfield>
    <subfield code="o">AGR LY 2002 B028 Or.4</subfield>
    <subfield code="p">RUA002455</subfield>
    <subfield code="r">2017-11-01</subfield>
    <subfield code="s">2017-10-28</subfield>
    <subfield code="w">2015-09-15</subfield>
    <subfield code="y">AGR</subfield>
  </datafield>
</record>
